000 00942nam a2200217Ii 4500
003 JO-AjNU
008 230605s9999||||xx |||||||||||||| ||und||
040 _aJO-AjNU
_bara
_erda
_cJO-AjNU
041 _aara
050 1 4 _aJF1525.1998
100 3 _aمراجعة وإشراف عبد الحليم ، احمد عبد الفتاح ، ترجمة عثمان ، أحمد,
_eauthor
_932877
245 0 0 _aتجارب عالمية مختارة فى الإصلاح الإداري ،دراسة حالات خمس دول آسيوية
250 _a(د،ط)
264 3 1 _aالقاهرة : المنظمة العربية للتنمية الإدارية ، 1998
300 _a322ص
336 _atext
_btxt
_2rdacontent
337 _aunmediated
_bn
_2rdamedia
338 _avolume
_bnc
_2rdacarrier
490 0 _aسلسلة تراجم مختارة
650 4 _aإصلاح - آسيا ، تنمية إدارية - آسيا ، إدارة -آسيا
_932878
999 _aA13322
_c16890
_d16890